000 00656nam a2200205 i 4500
001 35925
003 ES-MaACL
005 20230906155239.0
007 t|
008 030214s1981 sp ||||1| spa d
080 _a614.31:637.54
080 _a637.54:614.31
100 1 _aBremner, A. S.
_931566
245 1 0 _aHigiene e inspección de carne de aves /
_cA. S. Bremner ; traducido del inglés por Francisco León Crespo.
260 _aZaragoza :
_bAcribia,
_c[1981]
300 _a210 p. :
_bil. ;
_c22 cm.
650 4 _aCarne de ave-
_xInspección sanitaria.
_9148197
700 1 _aLeón Crespo, Fracisco.
_971607
852 _aES-MaACL
_jL-2477
_bR.102922
999 _c35925
_d35925